00848nam a2200229 i 4500001000300000100002500003245008000028250001200108260010700120300002700227500007000254504002200324650002800346650002200374655002000396020002400416040000800440041000800448080002300456008004100479856009800520bg1 aLORENCOWICZ, Edmund.10aPoradnik użytkownika techniki rolniczej w tabelach /cEdmund Lorencowicz. aWyd. 3. aBydgoszcz :bAgencja Promocji Rolnictwa i Agrobiznesu "Apra" :bRolniczy Przegląd Techniczny,c2002. a107 s. :bil ;c21 cm. aWyd. 1 pt.: Poradnik użytkowania techniki rolniczej w tabelach. aBibliogr. Indeks. 9aRolnictwoxmechanizacja 9aRoślinyxuprawa aTablice i wzory a8391453227 ("Apra") cBPK0 apol a631.17:631.5](083) s pl f |000 0 pol  uhttp://koha.tu.koszalin.pl/cgi-bin/koha/opac-detail.pl?biblionumber=35423yKatalog online BPK